00262pam a2200109 a 4500020000500000041000500005082002800010100002000038245005100058260003100109300001200140 c h a658.79999999999995bSRI aSrinivasan,S.R. aStrategic Retail ManagementhTextual Documents aNew DelhibBiztantrac2010 aXIX/364